| 000 | 00709nam a2200229Ia 4500 | ||
|---|---|---|---|
| 001 | 10159 | ||
| 003 | GE_BSU | ||
| 008 | 181216s||||||||xx |||||||||||||| ||und|| | ||
| 040 | _cGE_BSU | ||
| 080 | _a821.353.1-32 | ||
| 100 | _aსულიაშვილი,დავით | ||
| 245 | _aმეგობრის სისხლი.ოქრო | ||
| 245 | _bმოთხრობები | ||
| 245 | _cრედ.რ.გვეტაძე | ||
| 260 | _aთბილისი | ||
| 260 | _bფედერაცია | ||
| 260 | _c1942 | ||
| 300 | _a84გვ.17სმ. | ||
| 653 | _aმეგობრის სისხლი.ოქრო | ||
| 653 | _aმოთხრობები | ||
| 942 | _cBK | ||
| 999 |
_c43429 _d43429 |
||